Notas sobre circuitos / (Record no. 102546)

MARC details
000 -LEADER
fixed length control field 00415cam a2200157 4500
008 - FIXED-LENGTH DATA ELEMENTS--GENERAL INFORMATION
fixed length control field spa
050 #4 - LIBRARY OF CONGRESS CALL NUMBER
Classification number TK7874
Item number N58
245 #0 - TITLE STATEMENT
Title Notas sobre circuitos /
Statement of responsibility, etc Comisión Federal de Electricidad.
260 ## - PUBLICATION, DISTRIBUTION, ETC. (IMPRINT)
Place of publication, distribution, etc México :
Name of publisher, distributor, etc s/e
300 ## - PHYSICAL DESCRIPTION
Extent 274 p. ;
Dimensions 28 cm.
500 ## - GENERAL NOTE
General note 1 ejemplar
650 #4 - SUBJECT ADDED ENTRY--TOPICAL TERM
Topical term or geographic name as entry element Circuitos
General subdivision Energia
942 ## - ADDED ENTRY ELEMENTS (KOHA)
Source of classification or shelving scheme Biblioteca del Cogreso de los Estados Unidos
Koha item type Libro

No items available.